| 000 | 01410cam a2200361 a 4500 | ||
|---|---|---|---|
| 999 |
_c173268 _d173268 |
||
| 001 | 4361046 | ||
| 003 | Nust | ||
| 005 | 20180719085536.0 | ||
| 008 | 901025s1991 enk b 000 1 eng | ||
| 010 | _a 90023043 | ||
| 020 |
_a9781853262081 _cRs. 236 |
||
| 038 | _aArshad | ||
| 040 |
_aDLC _cDLC _dDLC |
||
| 050 | 0 | 0 |
_aPR4167 _b.P7 1990 |
| 082 | 0 | 0 |
_a823.8 _bBRO |
| 100 | 1 |
_aBrontë, Charlotte, _d1816-1855. _911804 |
|
| 245 | 1 | 4 |
_aThe professor / _cCharlotte Brontë ; edited by Margaret Smith and Herbert Rosengarten ; with an introduction by Margaret Smith. |
| 260 |
_aOxford ; _aNew York : _bOxford University Press, _c1994. |
||
| 300 |
_axxxvii, 199 p. ; _c19 cm. |
||
| 440 | 4 |
_aThe World's classics _9350 |
|
| 504 | _aIncludes bibliographical references. | ||
| 650 | 0 |
_aTriangles (Interpersonal relations) _vFiction. _97637 |
|
| 650 | 0 |
_aBritish _zBelgium _vFiction. _911840 |
|
| 650 | 0 |
_aWomen teachers _vFiction. _911841 |
|
| 651 | 0 |
_aBrussels (Belgium) _vFiction. _911842 |
|
| 655 | 7 |
_aLove stories. _2gsafd _9418 |
|
| 700 | 1 |
_aSmith, Margaret, _d1931- _911843 |
|
| 700 | 1 |
_aRosengarten, Herbert. _911844 |
|
| 856 | 4 | 2 |
_3Publisher description _uhttp://www.loc.gov/catdir/enhancements/fy0640/90023043-d.html |
| 906 |
_a7 _bcbc _corignew _d1 _eocip _f19 _gy-gencatlg |
||
| 942 |
_2ddc _cBK |
||